000
00322nam a22001217a 4500
008
180126b xxu||||| |||| 00| 0 eng d
041
_a
eng
080
_a
004
100
_a
30
101
_a
shk
245
_a
training program on computer simulation of crop growth management responses
_c
hawall.h
942
_2
udc
_c
BK
999
_c
40997
_d
40997